000
00316pam a2200145 a 4500
020
_c
041
_a
eng
082
_b
RAD
100
_a
radhakrishnan.
245
_a
Religion Science & Culture
_h
Textual Documents
250
_a
2010.
260
_a
[s.l]:
_b
Orient Papersbacks.
300
_a
117pg.
930
_a
12049
999
_c
88952
_d
88952